Área de influencia urbana de la ciudad de Guatemala : (Registro nro. 206)

Detalles MARC
000 -LEADER
campo de control de longitud fija 02846nam a2200445 i 4500
001 - NÚMERO DE CONTROL
campo de control 206
003 - IDENTIFICADOR DE NÚMERO DE CONTROL
campo de control gtuscu
005 - FECHA Y HORA DE LA ÚLTIMA TRANSACCIÓN
campo de control 20250827123551.0
007 - CAMPO FIJO DE DESCRIPCIÓN FÍSICA--INFORMACIÓN GENERAL
campo de control de longitud fija ta
008 - DATOS DE LONGITUD FIJA--INFORMACIÓN GENERAL
campo de control de longitud fija 250130e2019 gt bda||r|||| 001 0 spa d
020 ## - NÚMERO INTERNACIONAL ESTÁNDAR DEL LIBRO
Número Internacional Estándar del Libro 9789929592308
040 ## - FUENTE DE CATALOGACIÓN
Centro catalogador/agencia de origen gtuscu
Lengua de catalogación spa
Centro/agencia transcriptor gtuscu
Centro/agencia modificador gtuscu
Normas de descripción rda
082 ## - NÚMERO DE LA CLASIFICACIÓN DECIMAL DEWEY
Número de clasificación CEUR 711.4 V176
100 1# - ENTRADA PRINCIPAL--NOMBRE DE PERSONA
Nombre de persona Valladares Vielman, Luis Rafael
Fechas asociadas al nombre 1960-
Término indicativo de función/relación autor
245 1# - MENCIÓN DEL TÍTULO
Título Área de influencia urbana de la ciudad de Guatemala :
Resto del título regionalización y propuesta para la creación del Distrito Metropolitano /
Mención de responsabilidad, etc. Luis Rafael Valladares Vielman.
264 1# - PRODUCCIÓN, PUBLICACIÓN, DISTRIBUCIÓN, FABRICACIÓN Y COPYRIGHT
Producción, publicación, distribución, fabricación y copyright Guatemala :
Nombre del de productor, editor, distribuidor, fabricante Universidad de San Carlos de Guatemala, Centro de Estudios Urbanos y Regionales,
Fecha de producción, publicación, distribución, fabricación o copyright 2020.
264 1# - PRODUCCIÓN, PUBLICACIÓN, DISTRIBUCIÓN, FABRICACIÓN Y COPYRIGHT
Fecha de producción, publicación, distribución, fabricación o copyright © 2020
300 ## - DESCRIPCIÓN FÍSICA
Extensión 172 páginas :
Otras características físicas ilustraciones a color
Dimensiones 25 cm
336 ## - TIPO DE CONTENIDO
Fuente rdacontenido
Término de tipo de contenido texto
Código de tipo de contenido txt
337 ## - TIPO DE MEDIO
Fuente rdamedio
Nombre/término del tipo de medio sin mediación
Código del tipo de medio n
338 ## - TIPO DE SOPORTE
Fuente rdasoporte
Nombre/término del tipo de soporte volumen
Código del tipo de soporte nc
490 ## - MENCIÓN DE SERIE
Mención de serie Ordenamiento Territorial y Gestión de Riesgo ; Volumen I.
505 0# - NOTA DE CONTENIDO CON FORMATO
Información miscelánea Presentación
505 0# - NOTA DE CONTENIDO CON FORMATO
Información miscelánea Introducción
505 0# - NOTA DE CONTENIDO CON FORMATO
Información miscelánea Parte I
Título Aproximación teórica --
505 0# - NOTA DE CONTENIDO CON FORMATO
Información miscelánea Parte II
Título Región metropolitana y delimitación del área metropolitana de la Ciudad de Guatemala --
505 0# - NOTA DE CONTENIDO CON FORMATO
Información miscelánea Parte III
Título Administración del área metropolitana de la Ciudad de Guatemala --
505 0# - NOTA DE CONTENIDO CON FORMATO
Información miscelánea Referencias
505 0# - NOTA DE CONTENIDO CON FORMATO
Información miscelánea Siglas
505 0# - NOTA DE CONTENIDO CON FORMATO
Información miscelánea Anexo 1.
Título Iniciativa de Ley 1555 Ley del Distrito Metropolitano --
505 0# - NOTA DE CONTENIDO CON FORMATO
Información miscelánea Anexo 2.
Título Dictamen Corte de Constitucionalidad ante la Creación del Proyecto de Ley No. 1555.
505 0# - NOTA DE CONTENIDO CON FORMATO
Información miscelánea Índice de Mapas
505 0# - NOTA DE CONTENIDO CON FORMATO
Información miscelánea Índice de Tablas
505 0# - NOTA DE CONTENIDO CON FORMATO
Información miscelánea Índice de Gráficos
520 3# - RESUMEN, ETC.
Sumario, etc. Mediante una metodología en donde toma realce la densidad poblacional y las vías de comunicación, se consigna que el AMCG está conformada por 26 municipios, con una población total, según estimación al año 2018, de 5,087,902.<br/>El área de mayor densificación y el área suburbana.<br/>La denominada mancha urbana, se encuentra en 1,122 km2, el 44% de la delimitación, mientras que el restante 56% es el área de influencia urbana, sujeta a la expansión contructiva y a la densificación; un 56% de territorio en donde no se deben repetir los desaciertos cometidos en el 44% ya poblado.<br/>La conformación del Distrito Metropolitano, como institución que se debe ocupar de las problemáticas del Área Metropolitana de la Ciudad de Guatemala, es una necesidad perentoria que se ha venido relegando. Es necesaria su creación, sin la vulneración de la autonomía municipal, con una perspectiva prospectiva y una visión compartida por aprte de las autoridades representantes de los municipios involucrados y del gobierno de la República
650 14 - PUNTO DE ACCESO ADICIONAL DE MATERIA--TÉRMINO DE MATERIA
Término de materia o nombre geográfico como elemento de entrada Urbanismo
Subdivisión geográfica Guatemala
650 14 - PUNTO DE ACCESO ADICIONAL DE MATERIA--TÉRMINO DE MATERIA
Término de materia o nombre geográfico como elemento de entrada Desarrollo urbano
Subdivisión geográfica Área metropolitana
650 14 - PUNTO DE ACCESO ADICIONAL DE MATERIA--TÉRMINO DE MATERIA
Término de materia o nombre geográfico como elemento de entrada Ordenamiento territorial
Subdivisión geográfica Guatemala
942 ## - ELEMENTOS DE ENTRADA SECUNDARIOS (KOHA)
Fuente de la clasificación o esquema de estantería Clasificación Decimal Dewey
Tipo de ítem Koha Libros
Suprimir en OPAC No
Existencias
Estatus retirado Estado de pérdida Fuente de la clasificación o esquema de estantería Estado de daño No para préstamo Colección Biblioteca de origen Biblioteca actual Fecha de adquisición Fuente de adquisición Número de inventario Total de préstamos Signatura topográfica completa Código de barras Visto por última vez Tipo de ítem Koha Nota pública Copia número
    Clasificación Decimal Dewey     general BIBLIOTECA CEUR FLAVIO QUESADA SALDAÑA BIBLIOTECA CEUR FLAVIO QUESADA SALDAÑA 20/09/2019 Donación CEUR 16H-BF24   CEUR 711.4 V176 BFQS00028 30/01/2025 Libros Disponible  
    Clasificación Decimal Dewey     general BIBLIOTECA CEUR FLAVIO QUESADA SALDAÑA BIBLIOTECA CEUR FLAVIO QUESADA SALDAÑA 20/09/2019 Donación CEUR 16H-BF25   CEUR 711.4 V176 C.2 BFQS00029 30/01/2025 Libros Disponible 2
    Clasificación Decimal Dewey     general BIBLIOTECA CEUR FLAVIO QUESADA SALDAÑA BIBLIOTECA CEUR FLAVIO QUESADA SALDAÑA 20/09/2019 Donación CEUR 16H-BF26   CEUR 711.4 V176 C.3 BFQS00030 30/01/2025 Libros Disponible 3